<?xml version="1.0" encoding="UTF-8"?>
<collection xmlns="http://www.loc.gov/MARC21/slim">
 <record>
  <leader>01973nam a22002177a 4500</leader>
  <controlfield tag="001">NCT_28486</controlfield>
  <controlfield tag="008">180410b        xxu||||| |||| 00| 0 vie d</controlfield>
  <datafield tag="999" ind1=" " ind2=" ">
   <subfield code="c">1368</subfield>
   <subfield code="d">1368</subfield>
  </datafield>
  <datafield tag="020" ind1=" " ind2=" ">
   <subfield code="a">9786046611943</subfield>
   <subfield code="c">320000</subfield>
  </datafield>
  <datafield tag="082" ind1="0" ind2="4">
   <subfield code="2">23rd ed.</subfield>
   <subfield code="a">610.3</subfield>
   <subfield code="b">H600</subfield>
  </datafield>
  <datafield tag="100" ind1="1" ind2=" ">
   <subfield code="a">Ngô Gia Hy</subfield>
   <subfield code="e">Chủ biên</subfield>
  </datafield>
  <datafield tag="245" ind1="1" ind2="0">
   <subfield code="a">Từ điển bách khoa y học Anh Viêt A-Z</subfield>
   <subfield code="c">Ngô Gia Hy</subfield>
  </datafield>
  <datafield tag="250" ind1=" " ind2=" ">
   <subfield code="a">Tái bản lần thứ nhất</subfield>
  </datafield>
  <datafield tag="260" ind1=" " ind2=" ">
   <subfield code="a">H.</subfield>
   <subfield code="b">Y học</subfield>
   <subfield code="c">2015</subfield>
  </datafield>
  <datafield tag="300" ind1=" " ind2=" ">
   <subfield code="a">viii,1181 tr.</subfield>
   <subfield code="b">Minh họa</subfield>
   <subfield code="c">27cm</subfield>
  </datafield>
  <datafield tag="500" ind1=" " ind2=" ">
   <subfield code="a">Phụ lục:tr.i-xlvi</subfield>
  </datafield>
  <datafield tag="520" ind1=" " ind2=" ">
   <subfield code="a">sách này nói &quot;về kiến thức y học chuyên sâu ở các mục từ tiếng Anh được giải thích bằng tiếng Việt giản dị, dễ hiểu, có hệ thống và bảo đảm độ tin cậy. Hình ảnh minh họa với những chú thích rất rõ ràng, cập nhật các bệnh mới xuất hiện như SARS, cúm gia cầm vốn đang là nỗi lo của toàn nhân loại. Ở phần phụ lục, đọc từ khái niệm về sức khỏe đến sự can thiệp của y học, bạn sẽ biết mình phải làm gì để tự bảo vệ sức khỏe của mình, đọc sơ đồ định bệnh, bạn có thể tự chẩn đoán bệnh để có quyết định nên điều trị ở nhà hay nên đến bệnh viện nhờ bác sĩ can thiệp ngay. Phần tra cứu cơ bản giúp bạn xử lý ngay những tình huống có thể gây nguy hại đến tính mạng như bị chấn thương khi tông xe, ngất xỉu, bị điện giật, bị bỏng&quot;</subfield>
  </datafield>
  <datafield tag="653" ind1=" " ind2=" ">
   <subfield code="a">Y đa khoa</subfield>
  </datafield>
  <datafield tag="942" ind1=" " ind2=" ">
   <subfield code="2">ddc</subfield>
   <subfield code="c">BK</subfield>
  </datafield>
  <datafield tag="952" ind1=" " ind2=" ">
   <subfield code="0">0</subfield>
   <subfield code="1">0</subfield>
   <subfield code="2">ddc</subfield>
   <subfield code="4">0</subfield>
   <subfield code="6">610_300000000000000_H600</subfield>
   <subfield code="7">0</subfield>
   <subfield code="9">6761</subfield>
   <subfield code="a">000001</subfield>
   <subfield code="b">000001</subfield>
   <subfield code="d">2018-04-10</subfield>
   <subfield code="o">610.3 H600</subfield>
   <subfield code="p">MD.10859</subfield>
   <subfield code="r">2018-04-10</subfield>
   <subfield code="v">320000.00</subfield>
   <subfield code="w">2018-04-10</subfield>
   <subfield code="y">BK</subfield>
  </datafield>
  <datafield tag="980" ind1=" " ind2=" ">
   <subfield code="a">Thư viện Trường Đại học Nam Cần Thơ</subfield>
  </datafield>
 </record>
</collection>
